[Event "Oberliga NRW 9596"]
[Site "GER"]
[Date "1996.??.??"]
[Round "?"]
[White "Trommsdorf, Fro"]
[Black "Kocur, Alois"]
[Result "0-1"]
[WhiteElo "2185"]
[BlackElo "2280"]
[PlyCount "90"]
[EventDate "1995.10.??"]
[Source "www.chesslib.no"]
[SourceDate "2004.05.04"]

1. e4 e5 2. g3 Bc5 3. Bg2 h5 4. d3 d6 5. h3 h4 6. g4 c6 7. c4 Ne7 8. Nc3 a6 9. Be3 Ng6 10. Nge2 Nd7 11. Qd2 Ndf8 12. Na4 Ne6 13. Nxc5 dxc5 14. O-O O-O 15. f4 exf4 16. Nxf4 Nexf4 17. Bxf4 Nxf4 18. Rxf4 Qd4+ 19. Kh1 Be6 20. Qe2 Rad8 21. Bf1 Qe5 22. Qf2 b5 23. cxb5 cxb5 24. Rc1 c4 25. dxc4 bxc4 26. Re1 Rb8 27. Re2 c3 28. bxc3 Rb1 29. Qe3 Rd8 30. Ref2 Rdd1 31. Kg2 g5 32. R4f3 Re1 33. Re2 Red1 34. Rd2 Re1 35. Qd3 Ra1 36. c4 Rxe4 37. Qd8+ Kg7 38. Rdf2 Rf4 39. Rxf4 gxf4 40. Qd2 Qe4+ 41. Kh2 Qe3 42. Qb2+ Kh7 43. Qc2+ Kg8 44. Qd2 Qxd2 45. Rxd2 Rxf1 0-1

[Event "Foment Open"]
[Site "Barcelona ESP"]
[Date "1992.??.??"]
[Round "?"]
[White "Ferron Garcia, Carlos"]
[Black "Mateu Palau, Enrique"]
[Result "1-0"]
[WhiteElo "2310"]
[BlackElo "2135"]
[PlyCount "83"]
[EventDate "1992.??.??"]
[Source "www.chesslib.no"]
[SourceDate "2004.05.04"]

1. e4 e5 2. Bb5 Bc5 3. c3 c6 4. Ba4 d6 5. d4 exd4 6. cxd4 Bb4+ 7. Bd2 Ba5 8. Ne2 Bg4 9. f3 Bh5 10. Nf4 Nf6 11. Nxh5 Nxh5 12. O-O Bxd2 13. Qxd2 O-O 14. Nc3 Nd7 15. Rae1 Nb6 16. Bb3 Kh8 17. f4 g6 18. f5 g5 19. Bd1 Nf4 20. g3 Nc4 21. Qc2 Rg8 22. b3 Na3 23. Qd2 Nh3+ 24. Kg2 g4 25. Bxg4 Rxg4 26. Kxh3 Rg5 27. Rf4 Qf6 28. Kg2 Qh6 29. Rg4 Rag8 30. Rxg5 Rxg5 31. Qf4 Qf6 32. h4 Rg8 33. e5 Qe7 34. Re2 d5 35. Qh6 Rg4 36. Qf6+ Qxf6 37. exf6 h5 38. Re8+ Kh7 39. Ne2 Re4 40. Re7 Kg8 41. Kf3 Nb1 42. Rxb7 1-0

[Event "Independence Cup op"]
[Site "?"]
[Date "1999.??.??"]
[Round "?"]
[White "Smachenko Vasily"]
[Black "Julin Alexei"]
[Result "0-1"]
[WhiteElo "2178"]
[BlackElo "2261"]
[PlyCount "132"]
[EventDate "1999.??.??"]
[Source "www.chesslib.no"]
[SourceDate "2004.05.04"]

1. e4 e5 2. c4 Nf6 3. Nc3 Bc5 4. h3 O-O 5. Nf3 c6 6. d3 d5 7. Be2 dxe4 8. dxe4 Qe7 9. O-O Rd8 10. Qc2 a5 11. Bg5 Na6 12. a3 Nc7 13. Na4 Ba7 14. c5 Ne6 15. Bxf6 Qxf6 16. Rfd1 Nd4 17. Nxd4 exd4 18. Bf1 Be6 19. Rd3 Qe5 20. Rg3 Re8 21. Bd3 Rad8 22. Rf1 Qf4 23. Qc1 Bb8 24. Qxf4 Bxf4 25. Rf3 Bc7 26. Rc1 g5 27. Bc2 h5 28. b3 g4 29. Rd3 f5 30. Rcd1 Be5 31. f3 gxh3 32. gxh3 Bf4 33. Kg2 Be3 34. Nc3 Kh8 35. Ne2 fxe4 36. fxe4 Rg8+ 37. Kh1 Bxh3 38. Nf4 Bg4 39. Rf1 Kg7 40. Bd1 Kh6 41. Ng2 Bh3 42. Nxe3 dxe3 43. Rf6+ Kg5 44. Rfd6 Rxd6 45. cxd6 Kf4 46. e5 Bg4 47. Bxg4 hxg4 48. Kg2 Kxe5 49. d7 Rd8 50. Rxe3+ Kd4 51. Re7 Kc3 52. Kg3 Kxb3 53. Kxg4 Kxa3 54. Kf5 b5 55. Re3+ Ka4 56. Ke6 c5 57. Ke7 Rb8 58. Kd6 Rd8 59. Kc7 Rxd7+ 60. Kxd7 c4 61. Kc6 b4 62. Kc5 c3 63. Kc4 c2 64. Re1 Ka3 65. Kd3 Kb2 66. Kd2 b3 0-1

[Event "Klatovy op-A"]
[Site "Klatovy"]
[Date "1999.??.??"]
[Round "7"]
[White "Hosticka, Frantisek"]
[Black "Pfeifer, Miroslav"]
[Result "1-0"]
[WhiteElo "2234"]
[BlackElo "2200"]
[PlyCount "57"]
[EventDate "1999.??.??"]
[Source "www.chesslib.no"]
[SourceDate "2004.05.04"]

1. e4 e5 2. Bb5 c6 3. Ba4 Nf6 4. Qe2 Bc5 5. Nf3 d6 6. c3 O-O 7. O-O Bg4 8. h3 Bh5 9. Rd1 d5 10. d3 Nbd7 11. Nbd2 Bg6 12. Bc2 Qc7 13. g4 h5 14. Nh4 hxg4 15. hxg4 Nh7 16. Kg2 Rae8 17. Rh1 Re6 18. Nf1 Rfe8 19. Ng3 Ndf8 20. Rh2 Rf6 21. Nhf5 Ne6 22. g5 Nf4+ 23. Bxf4 exf4 24. gxf6 fxg3 25. Rxh7 Bxh7 26. Nxg7 Re5 27. f4 Rxe4 28. dxe4 Qxf4 29. Nh5 1-0

[Event "Cannes Martinez op"]
[Site "Cannes"]
[Date "1996.??.??"]
[Round "5"]
[White "Brochet, Philippe"]
[Black "Delanoy, Arnaud"]
[Result "1-0"]
[WhiteElo "2275"]
[BlackElo "2150"]
[PlyCount "47"]
[EventDate "1996.08.??"]
[Source "www.chesslib.no"]
[SourceDate "2004.05.04"]

1. e4 e5 2. c4 Nf6 3. Nc3 Bc5 4. g3 d6 5. h3 O-O 6. Bg2 c6 7. Nf3 d5 8. Nxe5 dxe4 9. O-O Qd6 10. Ng4 Bxg4 11. hxg4 Qxg3 12. Nxe4 Nxe4 13. d4 Nxf2 14. Rxf2 Bd6 15. c5 Bc7 16. a4 Re8 17. Ra3 Qh2+ 18. Kf1 Bg3 19. Bf4 Bxf4 20. Rh3 Qxh3 21. Bxh3 Bg5 22. Qb3 Re7 23. Re2 Rxe2 24. Qxb7 1-0

[Event "Oberliga Wuert9798"]
[Site "Wuerttemberg"]
[Date "1997.10.19"]
[Round "2"]
[White "Junger, Uli"]
[Black "Amos, Frank"]
[Result "0-1"]
[WhiteElo "2200"]
[BlackElo "2225"]
[PlyCount "112"]
[EventDate "1997.09.??"]
[Source "www.chesslib.no"]
[SourceDate "2004.05.04"]

1. e4 e5 2. c4 Nc6 3. Nc3 Bc5 4. Nf3 d6 5. d3 f5 6. exf5 Bxf5 7. Be3 Nd4 8. Be2 c6 9. O-O Nf6 10. Bxd4 exd4 11. Nh4 Be6 12. Na4 Bb6 13. Bh5+ g6 14. Re1 Kf7 15. Nxb6 Qxb6 16. Bf3 Rae8 17. Qd2 Kg7 18. Re2 Bd7 19. Rae1 Rxe2 20. Rxe2 Re8 21. Rxe8 Nxe8 22. g4 Qc5 23. g5 Nc7 24. Qf4 Qe5 25. Qxe5+ dxe5 26. Be4 Kf7 27. Nf3 Ke6 28. h4 Na6 29. h5 Be8 30. b4 Nxb4 31. h6 Nxa2 32. Nh4 Nc3 33. Bxg6 Bxg6 34. Nxg6 Kf5 35. Nxe5 Ne2+ 36. Kf1 Nf4 37. Nf7 Nxd3 38. Ke2 Nc5 39. f4 Ne6 40. Nd6+ Kg4 41. Kd3 Nxf4+ 42. Kxd4 b6 43. Ke5 Kxg5 44. Ne4+ Kg4 45. Nf6+ Kg5 46. Ne4+ Kxh6 47. Kxf4 a5 48. Ke5 a4 49. Kd6 a3 50. Nd2 c5 51. Kc6 a2 52. Nb3 Kg5 53. Kd5 h5 54. Ke4 Kg4 55. Ke3 Kg3 56. Ke2 Kg2 0-1

[Event "4NCL 0001 Div-2"]
[Site "Birmingham"]
[Date "2001.05.05"]
[Round "9.4"]
[White "Simons, Martin"]
[Black "Richmond, Robert"]
[Result "0-1"]
[WhiteElo "2226"]
[BlackElo "2193"]
[PlyCount "96"]
[EventDate "2001.01.27"]
[Source "www.chesslib.no"]
[SourceDate "2004.05.04"]

1. e4 e5 2. Bb5 c6 3. Ba4 d6 4. Nc3 Nd7 5. d3 Nc5 6. Bb3 a5 7. Be3 a4 8. Bxc5 axb3 9. Be3 bxa2 10. Rxa2 Rxa2 11. Nxa2 f5 12. Nf3 Nf6 13. Nc3 Be7 14. O-O O-O 15. Qa1 fxe4 16. Qa2+ Kh8 17. dxe4 Nh5 18. Rd1 Qe8 19. Ne1 Qg6 20. Rd2 Nf4 21. Kh1 Bg4 22. f3 Bh4 23. Qa1 Bxe1 24. Qxe1 Nxg2 25. Rxg2 Bxf3 26. Qg3 Bxg2+ 27. Kxg2 Qe6 28. h4 Qc4 29. Bf2 b5 30. Qd3 Qf7 31. Bg3 Qg6 32. Nd1 Rf4 33. Nf2 Rxh4 34. Qc3 h6 35. Qxc6 b4 36. Qb7 Kh7 37. Qxb4 d5 38. Qe1 dxe4 39. Qe3 Rf4 40. Nh1 Rf3 41. Qc5 h5 42. Qe7 Rf6 43. Kh2 e3 44. Qxe5 Qxc2+ 45. Kh3 Qf5+ 46. Qxf5+ Rxf5 47. Kg2 g5 48. Be1 h4 0-1

[Event "Asturias ch youth"]
[Site "?"]
[Date "2000.12.28"]
[Round "3"]
[White "Gonzalez Menendez Ivan"]
[Black "Andres Gonzalez Ivan"]
[Result "1/2-1/2"]
[WhiteElo "2242"]
[BlackElo "2176"]
[PlyCount "41"]
[EventDate "2000.??.??"]
[Source "www.chesslib.no"]
[SourceDate "2004.05.04"]

1. e3 e5 2. e4 Nc6 3. Bc4 Na5 4. Bxf7+ Kxf7 5. Qh5+ Ke6 6. Qf5+ Kd6 7. d4 Kc6 8. Qxe5 Kb6 9. Na3 a6 10. Qxa5+ Kxa5 11. Nc4+ Kb5 12. a4+ Kxc4 13. Ne2 Bb4+ 14. Kd1 Bc3 15. b3+ Kb4 16. Nxc3 Kxc3 17. Bb2+ Kb4 18. Ba3+ Kc3 19. Bb2+ Kb4 20. Ba3+ Kc3 21. Bb2+ 1/2-1/2

[Event "Mravinci"]
[Site "Mravinci"]
[Date "1993.??.??"]
[Round "?"]
[White "Bocina, Darko"]
[Black "Rade, Miroslav"]
[Result "0-1"]
[WhiteElo "2155"]
[BlackElo "2255"]
[PlyCount "48"]
[EventDate "1993.??.??"]
[Source "www.chesslib.no"]
[SourceDate "2004.05.04"]

1. e4 e5 2. c4 Nc6 3. Nc3 Bc5 4. d3 Nge7 5. f4 exf4 6. Bxf4 Ng6 7. Bg3 d6 8. Nf3 Nge5 9. a3 O-O 10. Nd5 a5 11. Be2 Bd7 12. Qd2 Nxf3+ 13. Bxf3 Nd4 14. Bd1 f5 15. Rc1 a4 16. Bf2 fxe4 17. O-O c6 18. dxe4 Rxf2 19. Rxf2 cxd5 20. Kh1 Nb3 21. Bxb3 Bxf2 22. Qxd5+ Kh8 23. Bc2 Bc6 24. Qd2 Bc5 0-1

[Event "5th Fysiolatriko Open"]
[Site "?"]
[Date "2007.06.23"]
[Round "7.2"]
[White "Stefanidi, Maria Anna"]
[Black "Symeonidis, Ioannis"]
[Result "0-1"]
[WhiteElo "2085"]
[BlackElo "2323"]
[PlyCount "62"]
[EventDate "2007.??.??"]
[Source "www.chesslib.no"]
[SourceDate "2004.05.04"]

1. e4 e5 2. g3 d5 3. Qe2 dxe4 4. Nc3 Nc6 5. Qxe4 Nf6 6. Qe2 Bg4 7. f3 Be6 8. d3 Nd4 9. Qd1 Qd7 10. Bg2 O-O-O 11. Nge2 Bh3 12. O-O h5 13. Be3 h4 14. Rf2 hxg3 15. Nxg3 Be7 16. Bh1 Kb8 17. Qd2 Nh5 18. Nce2 Nxe2+ 19. Rxe2 f5 20. Nxh5 Rxh5 21. f4 exf4 22. Bxf4 Bc5+ 23. Be3 f4 24. Bxc5 Qg4+ 25. Kf2 Qh4+ 26. Kg1 Rxc5 27. Bf3 Bc8 28. Qe1 Qh3 29. Qf2 Rg5+ 30. Kh1 Rh8 31. Rae1 Rg3 0-1

[Event "Schwarzach op-A"]
[Site "Schwarzach"]
[Date "2000.08.25"]
[Round "7"]
[White "Loidl, Florian"]
[Black "Kranz, Armin"]
[Result "0-1"]
[WhiteElo "2207"]
[BlackElo "2200"]
[PlyCount "102"]
[EventDate "2000.08.19"]
[Source "www.chesslib.no"]
[SourceDate "2004.05.04"]

1. e4 e5 2. c4 Nc6 3. g3 Bc5 4. Bg2 d6 5. d3 Nf6 6. Nf3 Nd4 7. Nxd4 Bxd4 8. h3 Be6 9. O-O Qd7 10. g4 h5 11. g5 Bxh3 12. gxf6 gxf6 13. Bf3 O-O-O 14. Nc3 f5 15. Kh2 Bxf1 16. Qxf1 f4 17. Ne2 c5 18. a3 Qe7 19. Rb1 Rdg8 20. Nxd4 cxd4 21. Qh3+ Kb8 22. Bd2 Qf6 23. Bb4 Rh6 24. c5 dxc5 25. Bxc5 b6 26. Bb4 a5 27. Bd2 Rg4 28. Rg1 Rh4 29. Rg8+ Ka7 30. b4 Rxh3+ 31. Kxh3 axb4 32. Bxb4 Rh8 33. Rg1 Qe6+ 34. Kh2 f6 35. Rg7+ Ka6 36. Bd1 Qc6 37. Bb3 Rd8 38. a4 Rd7 39. Bc4+ Ka7 40. Bb5 Qxb5 41. axb5 Rxg7 42. Bf8 Rf7 43. Bd6 Kb7 44. Kh3 Kc8 45. Kh4 Kd7 46. Bb4 Rh7 47. Bf8 Ke6 48. f3 Kf7 49. Bd6 Kg6 50. Bb8 Rb7 51. Bd6 Ra7 0-1

[Event "Buenos Aires ol (Men)"]
[Site "Buenos Aires ARG"]
[Date "1978.??.??"]
[Round "11"]
[White "Biringanine, Mugaruka"]
[Black "El Amri, Abdel Hafed"]
[Result "0-1"]
[WhiteElo "2200"]
[BlackElo "2200"]
[PlyCount "183"]
[EventDate "1978.10.25"]
[Source "www.chesslib.no"]
[SourceDate "2004.05.04"]

1. e4 e5 2. g3 d6 3. Bg2 Nf6 4. d3 Nc6 5. Nf3 Bg4 6. b3 Qd7 7. h3 Bh5 8. Nc3 Be7 9. g4 Bg6 10. Nh4 Nxe4 11. Nxg6 Nxc3 12. Qd2 hxg6 13. Qxc3 d5 14. Bd2 Bb4 15. Qb2 Bxd2+ 16. Kxd2 O-O-O 17. Rae1 f5 18. f3 f4 19. Kc1 g5 20. Kb1 Qd6 21. Qc1 d4 22. Rd1 Qb4 23. Rhe1 Rd5 24. Qd2 a5 25. Qxb4 axb4 26. Rh1 Na7 27. Kb2 Nb5 28. Bf1 Kd7 29. Ra1 Ke7 30. Bg2 Kf6 31. Rae1 Nc3 32. Rh2 Ra5 33. Ra1 Rha8 34. Rhh1 Rxa2+ 35. Rxa2 Rxa2+ 36. Kc1 Ra1+ 37. Kb2 Rxh1 38. Bxh1 Nd5 39. Bg2 Ne3 40. Bh1 Ke6 41. Kc1 Kd5 42. Kb2 c5 43. Kc1 c4 44. dxc4+ Kc5 45. Kd2 b5 46. cxb5 Kxb5 47. Kd3 Kc5 48. Kd2 Kd6 49. Kd3 Kd5 50. Kd2 Nf1+ 51. Kd3 Ne3 52. Kd2 Kd6 53. Kd3 Nd5 54. Bg2 Kc5 55. Bf1 Nc3 56. Kd2 e4 57. fxe4 Nxe4+ 58. Kd3 Nf6 59. Be2 Kd5 60. Bf3+ Ke5 61. Kc4 Ne4 62. Kxb4 Nd2 63. Be2 f3 64. Bd3 f2 65. Kc5 f1=Q 66. Bxf1 Nxf1 67. b4 Nd2 68. b5 Ne4+ 69. Kc6 Nd6 70. b6 Nc4 71. Kb5 Nd6+ 72. Kc6 Nf7 73. Kc7 Nd6 74. Kc6 Nc4 75. Kb5 Nxb6 76. Kxb6 Kd6 77. Kb5 Kd5 78. Kb4 d3 79. cxd3 Kd4 80. Kb5 Kxd3 81. Kc5 Ke4 82. Kd6 Kf4 83. Ke6 Kg3 84. Kf5 Kxh3 85. Kxg5 Kg3 86. Kf5 Kh4 87. g5 Kh5 88. g6 Kh6 89. Kg4 Kxg6 90. Kf4 Kh5 91. Kg3 Kg5 92. Kh3 0-1

[Event "Kallithea-ch U18"]
[Site "?"]
[Date "1979.??.??"]
[Round "12"]
[White "Mihalopoulos Tony"]
[Black "Grivas Efstratios"]
[Result "1-0"]
[WhiteElo "2200"]
[BlackElo "2200"]
[PlyCount "107"]
[EventDate "1979.??.??"]
[Source "www.chesslib.no"]
[SourceDate "2004.05.04"]

1. e4 e5 2. c4 Nf6 3. d3 d6 4. Nc3 c5 5. Nf3 Nc6 6. Be2 Be7 7. O-O h6 8. b3 g5 9. Bb2 O-O 10. Nd2 Nd4 11. Bh5 a6 12. Ne2 b5 13. Nxd4 exd4 14. Bf3 g4 15. Be2 Bb7 16. f3 gxf3 17. Bxf3 bxc4 18. Nxc4 d5 19. exd5 Bxd5 20. Bxd5 Nxd5 21. Qg4+ Bg5 22. Bc1 Re8 23. Bxg5 Qxg5 24. Qxg5+ hxg5 25. Rf5 Nc3 26. Rxg5+ Kh7 27. Nd6 Re7 28. Rf5 Kg6 29. Rxc5 Rd8 30. Nf5 Re6 31. Nh4+ Kh6 32. Nf3 Rde8 33. Nxd4 Ne2+ 34. Nxe2 Rxe2 35. h3 Rd8 36. Rc3 Re3 37. Rd1 Kg5 38. Rc5+ Kf4 39. Rf1+ Kg3 40. Rg5+ Kh4 41. Rg4+ Kh5 42. Rf5+ Kh6 43. Rxf7 Rd6 44. d4 Rb6 45. Rgf4 Re2 46. a4 Rxb3 47. R4f6+ Kh5 48. Rxa6 Rbb2 49. Rh7+ Kg5 50. Rg7+ Kh5 51. Kh2 Red2 52. Rg4 Rb4 53. Ra8 Kh6 54. Rh8# 1-0

[Event "POR-chT1"]
[Site "?"]
[Date "2003.??.??"]
[Round "1.3"]
[White "Padeiro Jose"]
[Black "Leite Catarina"]
[Result "1-0"]
[WhiteElo "2202"]
[BlackElo "2196"]
[PlyCount "63"]
[EventDate "2003.??.??"]
[Source "www.chesslib.no"]
[SourceDate "2004.05.04"]

1. e4 e5 2. Bb5 c6 3. Ba4 d5 4. Qe2 d4 5. Nf3 Nd7 6. Bb3 a5 7. a4 Be7 8. d3 Ngf6 9. O-O O-O 10. Nbd2 Qc7 11. c3 Bc5 12. Bc2 b5 13. Nb3 Qb6 14. Bd2 b4 15. cxd4 Bxd4 16. Nbxd4 exd4 17. Bb3 Ba6 18. Rfc1 Rfe8 19. Bc4 Bb7 20. b3 Nd5 21. Ng5 h6 22. Nxf7 Kxf7 23. Qh5+ g6 24. Qxh6 Rh8 25. Qf4+ N7f6 26. exd5 cxd5 27. Bb5 Rac8 28. Bd7 Rxc1+ 29. Rxc1 Ke7 30. Bh3 Bc6 31. Qe5+ Kf7 32. Qe6+ 1-0

[Event "Imperia op"]
[Site "?"]
[Date "1996.??.??"]
[Round "5"]
[White "Stodola Jaroslav"]
[Black "Reznicek Tomas"]
[Result "0-1"]
[WhiteElo "2130"]
[BlackElo "2265"]
[PlyCount "62"]
[EventDate "1996.??.??"]
[Source "www.chesslib.no"]
[SourceDate "2004.05.04"]

1. e4 e5 2. Bb5 Nf6 3. d4 c6 4. dxe5 Nxe4 5. Qe2 Qa5+ 6. c3 Nxf2 7. Qxf2 Qxb5 8. Qg3 b6 9. Nd2 Ba6 10. c4 Qc5 11. b3 d5 12. Bb2 Nd7 13. Ne2 dxc4 14. Rc1 Qa5 15. Bc3 Bb4 16. Bxb4 Qxb4 17. Qxg7 O-O-O 18. bxc4 Rhg8 19. Qh6 Nxe5 20. Rb1 Qa5 21. Qh3+ Kb7 22. Nc3 Rd3 23. Qxh7 Qxc3 24. O-O Rxg2+ 25. Kxg2 Qxd2+ 26. Kh1 Bxc4 27. Rbe1 Bd5+ 28. Re4 Qe2 29. Rxf7+ Nxf7 30. Qxf7+ Ka6 31. Qxd5 Qf1# 0-1

[Event "Wurttemberg-ch cand"]
[Site "?"]
[Date "2000.09.02"]
[Round "8.7"]
[White "Dietrich Frank"]
[Black "Meschke Andreas"]
[Result "0-1"]
[WhiteElo "2151"]
[BlackElo "2244"]
[PlyCount "79"]
[EventDate "2000.??.??"]
[Source "www.chesslib.no"]
[SourceDate "2004.05.04"]

1. e4 e5 2. c4 Nf6 3. Nc3 Bb4 4. d3 O-O 5. Nge2 d6 6. Bg5 Nbd7 7. a3 Bxc3+ 8. Nxc3 c6 9. Qf3 h6 10. Be3 Nh7 11. g4 Qh4 12. O-O-O Ndf6 13. h3 h5 14. gxh5 Nxh5 15. d4 Ng5 16. Qg2 Nf4 17. Qg3 Qxg3 18. fxg3 Nfxh3 19. Bxh3 Nxh3 20. dxe5 dxe5 21. Rd2 g5 22. Na4 Kg7 23. Nc5 g4 24. Rd6 f6 25. Nd7 Bxd7 26. Rxd7+ Rf7 27. Rhd1 Raf8 28. Bc5 Rh8 29. Rxf7+ Kxf7 30. Rd7+ Kg6 31. Be3 Rh7 32. Rd3 Ng5 33. Bxg5 Kxg5 34. Kc2 f5 35. exf5 Kxf5 36. Re3 Rh2+ 37. Kc3 Rf2 38. b3 Rf3 39. Kd3 e4+ 40. Kd4 0-1

[Event "Hajduboszormeny Open"]
[Site "Hajduboszormeny HUN"]
[Date "1995.??.??"]
[Round "6"]
[White "Tegzes, Laszlo"]
[Black "Gemesi, Andras"]
[Result "1/2-1/2"]
[WhiteElo "2180"]
[BlackElo "2195"]
[PlyCount "20"]
[EventDate "1995.??.??"]
[Source "www.chesslib.no"]
[SourceDate "2004.05.04"]

1. e4 e5 2. Bb5 Bc5 3. d3 Nc6 4. Nf3 Nge7 5. Be3 Bb6 6. Nbd2 O-O 7. Nc4 d6 8. Nxb6 axb6 9. d4 exd4 10. Nxd4 d5 1/2-1/2

[Event "NOR-chT qualifier"]
[Site "?"]
[Date "2002.??.??"]
[Round "5"]
[White "Hauge Tor Arne"]
[Black "Lie Espen"]
[Result "1-0"]
[WhiteElo "2205"]
[BlackElo "2168"]
[PlyCount "111"]
[EventDate "2002.??.??"]
[Source "www.chesslib.no"]
[SourceDate "2004.05.04"]

1. e4 e5 2. c4 Nf6 3. Nc3 g6 4. Nf3 d6 5. Be2 Bg7 6. O-O c5 7. d3 O-O 8. Bg5 h6 9. Bxf6 Bxf6 10. Nd5 Bg7 11. b4 Nc6 12. b5 Ne7 13. Nd2 Nxd5 14. cxd5 f5 15. Rb1 f4 16. Bg4 h5 17. Bxc8 Rxc8 18. h3 Bh6 19. f3 Kh8 20. Nc4 Rg8 21. Qa4 Ra8 22. b6 a6 23. Na5 Rg7 24. Kf2 Bg5 25. Ke2 Bh4 26. Rb2 Kg8 27. Kd1 g5 28. Kc1 Qe7 29. Kb1 Rc8 30. Nc4 Kf7 31. a3 Rh8 32. Na5 Kf6 33. Ka2 Bg3 34. Rh1 Rgh7 35. Rhb1 g4 36. hxg4 hxg4 37. Rf1 gxf3 38. gxf3 Rh2 39. Nxb7 Qxb7 40. Qc6 Rxb2+ 41. Kxb2 Qb8 42. Kc3 Rh7 43. a4 Ke7 44. a5 Kd8 45. Rb1 Bf2 46. Kc4 Bd4 47. b7 Rh2 48. Qxa6 Rc2+ 49. Kb5 c4 50. dxc4 Qc7 51. Qc6 Qxc6+ 52. Kxc6 Ba7 53. b8=Q+ Bxb8 54. Rxb8+ Ke7 55. Rb7+ Kf6 56. Rb4 1-0

[Event "AZE Ch women"]
[Site "?"]
[Date "2001.??.??"]
[Round "?"]
[White "Ismailova Parvana"]
[Black "Shukurova Meihriban"]
[Result "1/2-1/2"]
[WhiteElo "2115"]
[BlackElo "2253"]
[PlyCount "69"]
[EventDate "2001.??.??"]
[Source "www.chesslib.no"]
[SourceDate "2004.05.04"]

1. g3 e5 2. Bg2 Nf6 3. e4 Bc5 4. c3 Nc6 5. Ne2 d5 6. b4 Bb6 7. b5 Ne7 8. exd5 Nfxd5 9. Ba3 O-O 10. c4 Nf6 11. c5 Ba5 12. O-O c6 13. Bb2 Bc7 14. bxc6 bxc6 15. f4 Rb8 16. Qc1 Qd3 17. fxe5 Ng4 18. Nbc3 Bxe5 19. Be4 Qc4 20. Kg2 Rxb2 21. Qxb2 Qxe4+ 22. Nxe4 Bxb2 23. Rab1 Be5 24. h3 Nf6 25. Ng5 Ba6 26. Rfe1 Ned5 27. Nf3 Bc7 28. Ned4 Nh5 29. Nxc6 Bxg3 30. Ne7+ Nxe7 31. Rxe7 Bb8 32. c6 Nf4+ 33. Kh1 Nd5 34. Rd7 Nf6 35. Re7 1/2-1/2

[Event "Foment Open"]
[Site "Foment"]
[Date "1995.??.??"]
[Round "6"]
[White "Ferron Garcia, Carlos"]
[Black "Herrera, Laura"]
[Result "1-0"]
[WhiteElo "2290"]
[BlackElo "2065"]
[PlyCount "75"]
[EventDate "1995.??.??"]
[Source "www.chesslib.no"]
[SourceDate "2004.05.04"]

1. e4 e5 2. Bb5 c6 3. Ba4 Bc5 4. c3 Qh4 5. Qe2 Bxf2+ 6. Qxf2 Qxe4+ 7. Qe2 Qxa4 8. Qxe5+ Ne7 9. Nf3 d5 10. O-O Be6 11. Nd4 Nd7 12. Qxg7 Rg8 13. Qxh7 O-O-O 14. Qc2 Qa6 15. d3 Bh3 16. Rf2 Ne5 17. Kh1 Bd7 18. Re2 N7g6 19. b4 c5 20. bxc5 Qf6 21. Be3 Qf1+ 22. Bg1 Rh8 23. g3 Nf3 24. Nd2 Nxd4 25. Nxf1 Nxc2 26. Rxc2 Bf5 27. Rd2 Ne5 28. Bd4 f6 29. Bxe5 fxe5 30. Ne3 Bh3 31. Re1 Rhf8 32. c4 dxc4 33. Nxc4 Rd5 34. Kg1 Rf3 35. Nd6+ Kd7 36. Ne4 Rdxd3 37. Rxd3+ Rxd3 38. Nf2 1-0

[Event "Isle of Man Open"]
[Site "Isle of Man IOM"]
[Date "1994.??.??"]
[Round "7"]
[White "Williams, Simon"]
[Black "Flear, Christine"]
[Result "0-1"]
[WhiteElo "2180"]
[BlackElo "2175"]
[PlyCount "46"]
[EventDate "1994.09.??"]
[Source "www.chesslib.no"]
[SourceDate "2004.05.04"]

1. e4 e5 2. c4 Nc6 3. Nc3 Bc5 4. Na4 d6 5. d3 Nge7 6. Nxc5 dxc5 7. f4 exf4 8. Bxf4 Ng6 9. Be3 Qe7 10. Ne2 f5 11. Nc3 fxe4 12. dxe4 Be6 13. Qh5 Nce5 14. O-O-O Bg4 15. Qg5 Qxg5 16. Bxg5 Bxd1 17. Kxd1 h6 18. Be3 O-O-O+ 19. Kc2 b6 20. Be2 Rhf8 21. b4 cxb4 22. Nd5 c6 23. Nxb4 Nf4 0-1

[Event "Chambery op 8th"]
[Site "Chambery"]
[Date "2002.08.05"]
[Round "4"]
[White "Meng, Jean Philipp"]
[Black "Vion, Jean Francois"]
[Result "0-1"]
[WhiteElo "2095"]
[BlackElo "2258"]
[PlyCount "82"]
[EventDate "2002.08.02"]
[Source "ChessBase"]
[SourceDate "2002.09.11"]

1. e4 e5 2. Qe2 Nc6 3. Nf3 Nf6 4. g3 Bc5 5. Bg2 O-O 6. O-O Nd4 7. Nxd4 Bxd4 8. c3 Bb6 9. d3 d6 10. a4 c6 11. Be3 Bxe3 12. Qxe3 Ng4 13. Qe2 f5 14. f4 Qb6+ 15. Kh1 fxe4 16. dxe4 exf4 17. gxf4 Rf6 18. a5 Qc5 19. f5 Ne5 20. Nd2 a6 21. Rfd1 Bd7 22. Bf1 Re8 23. Nb3 Qa7 24. c4 Nf7 25. c5 d5 26. Ra4 Bxf5 27. Bg2 Bg6 28. Rf1 Rxf1+ 29. Qxf1 dxe4 30. Rd4 Qb8 31. Rd7 Ne5 32. Rd6 Nf3 33. Qc4+ Bf7 34. Qc2 Qc8 35. Nd4 Ne1 36. Qe2 Nxg2 37. Kxg2 e3 38. Kf1 Qh3+ 39. Ke1 Qh4+ 40. Kf1 Qf4+ 41. Ke1 Bd5 0-1

[Event "Tuebingen EP2 RS"]
[Site "?"]
[Date "1981.??.??"]
[Round "?"]
[White "Schlenker, R."]
[Black "Meyer, Cording"]
[Result "1-0"]
[WhiteElo "1625"]
[BlackElo "2725"]
[PlyCount "47"]
[EventDate "1981.??.??"]
[Source "www.chesslib.no"]
[SourceDate "2004.05.04"]

1. e4 e5 2. b3 Nf6 3. Nc3 d5 4. exd5 Nxd5 5. Bb2 Bf5 6. Nf3 f6 7. Nxd5 Qxd5 8. Bc4 Qd7 9. O-O Be6 10. Qe2 c5 11. Bxe6 Qxe6 12. d4 cxd4 13. Nxd4 Qa6 14. Nb5 Qc6 15. Rad1 a6 16. Nd4 Qb6 17. Nf5 Nc6 18. Nd6+ Bxd6 19. Rxd6 Rd8 20. Re6+ Kd7 21. Qg4 Kc7 22. Qxg7+ Kb8 23. Qxf6 Rhf8 24. Bxe5+ 1-0

[Event "Tuebingen EP3 RS"]
[Site "?"]
[Date "1981.??.??"]
[Round "?"]
[White "Schlenker, R."]
[Black "Pollach"]
[Result "1-0"]
[WhiteElo "1625"]
[BlackElo "2725"]
[PlyCount "33"]
[EventDate "1981.??.??"]
[Source "www.chesslib.no"]
[SourceDate "2004.05.04"]

1. e4 e5 2. b3 Nc6 3. Bb2 Bc5 4. Bb5 Qh4 5. Qe2 Nd4 6. Bxd4 Bxd4 7. Nf3 Qf6 8. Nxd4 exd4 9. e5 Qb6 10. a4 c6 11. Bc4 Ne7 12. O-O O-O 13. d3 Ng6 14. f4 Re8 15. Qh5 Qa5 16. Bxf7+ Kxf7 17. e6+ 1-0

[Event "SLO Ch U20"]
[Site "Slovenia"]
[Date "1994.??.??"]
[Round "?"]
[White "Zugaj, Fjodor"]
[Black "Pinter, Andrej"]
[Result "1-0"]
[WhiteElo "2175"]
[BlackElo "2175"]
[PlyCount "27"]
[EventDate "1994.??.??"]
[Source "www.chesslib.no"]
[SourceDate "2004.05.04"]

1. e4 e5 2. Bb5 c6 3. Ba4 Nf6 4. d3 d5 5. exd5 Qxd5 6. Nf3 Bg4 7. Nbd2 Nbd7 8. Bb3 Qa5 9. O-O Be7 10. Nc4 Qc7 11. Ne3 h5 12. Nxg4 hxg4 13. Ng5 e4 14. Bxf7+ 1-0

[Event "Tuebingen EP4 RS"]
[Site "?"]
[Date "1981.??.??"]
[Round "?"]
[White "Schlenker, R."]
[Black "Hillesheim"]
[Result "1-0"]
[WhiteElo "1625"]
[BlackElo "2725"]
[PlyCount "43"]
[EventDate "1981.??.??"]
[Source "www.chesslib.no"]
[SourceDate "2004.05.04"]

1. e4 e5 2. b3 c5 3. Bb2 d6 4. Bc4 Be6 5. Bxe6 fxe6 6. Qh5+ g6 7. Qh3 Qf6 8. f4 Nd7 9. Nf3 Qxf4 10. Qxe6+ Be7 11. O-O O-O-O 12. Nxe5 Qxe4 13. Na3 dxe5 14. Rae1 Qh4 15. Bxe5 Bf6 16. Bg3 Qd4+ 17. Kh1 a6 18. Nc4 Rf8 19. Qe8+ Rxe8 20. Rxe8+ Bd8 21. Rff8 Nxf8 22. Nb6# 1-0

[Event "Pfullingen RS"]
[Site "?"]
[Date "1976.??.??"]
[Round "?"]
[White "Henn, W."]
[Black "Schlenker, R."]
[Result "1/2-1/2"]
[WhiteElo "1625"]
[BlackElo "2725"]
[PlyCount "90"]
[EventDate "1976.??.??"]
[Source "www.chesslib.no"]
[SourceDate "2004.05.04"]

1. e4 e5 2. g3 f5 3. exf5 Nf6 4. h3 Bc5 5. Bg2 d5 6. g4 O-O 7. d3 g6 8. g5 Nh5 9. f6 c6 10. Bf3 Nxf6 11. gxf6 Qxf6 12. Nc3 Nd7 13. Qe2 e4 14. dxe4 Ne5 15. Na4 Bb4+ 16. c3 Bd6 17. Bg2 b5 18. exd5 bxa4 19. f4 Qh4+ 20. Kd1 Rxf4 21. Bxf4 Qxf4 22. Qe4 Nc4 23. Qxf4 Bxf4 24. Be4 Ne3+ 25. Ke2 cxd5 26. Bd3 Bb7 27. Nf3 Re8 28. Kf2 d4 29. cxd4 Rf8 30. Be2 g5 31. Rag1 h5 32. Ke1 g4 33. hxg4 hxg4 34. Rxg4+ Nxg4 35. Rg1 Bc8 36. Ne5 Be3 37. Rg2 Rf2 38. Rg3 Rf4 39. Nxg4 Bxd4 40. Ne5+ Kh7 41. Bd3+ Bf5 42. Bxf5+ Rxf5 43. Nd3 Rh5 44. Rg2 a3 45. bxa3 Ra5 1/2-1/2